000 00614nam a22002297a 4500
003 UA-OsUOA
001 84746
007 ta
008 20120608b un ||||| |||| 00| 0 ukr d
100 _aКогуска Н.
090 _a821.161.2
_bК57
942 _cBK
040 _aUA-OsUOA
_bukr
_cUA-OsUOA
_dUA-OsUOA
245 _aВ полеті до волі
_bісторична повість
300 _a100 с.
955 _a3
041 _aukr
080 _a821.161.2
260 _aВінніпег
_c1938
650 7 _a82 Література. Літературознавство
_2UDC
999 _c371057
_d371057